MARC

Tag First Indicator Second Indicator Subfields
LEADER 00000cam a2200000 4500
001 in00000037722
005 20151007080601.0
008 720913r19531600 eng u
010 |a  53012826  
035 |a (OCoLC)00405264 
035 |9 AAF5049AM 
040 |c WSU  |d TXA  |d UtOrBLW 
049 |a TXAM  |c [225903] 
050 0 |a BX1780  |b .S644 
092 |a 282.42  |b S728h, 1600r 
100 1 |a Southwell, Robert,  |c Saint,  |d 1561?-1595. 
245 1 3 |a An humble supplication to Her Maiestie. 
264 1 |a Cambridge [England] :  |b University Press,  |c 1953. 
300 |a xxii, 79 pages 
336 |a text  |b txt  |2 rdacontent 
337 |a unmediated  |b n  |2 rdamedia 
338 |a volume  |b nc  |2 rdacarrier 
504 |a Bibliographical footnotes. 
610 1 0 |a England and Wales.  |b Sovereign (1558-1603 : Elizabeth I).  |t Declaration of the great troubles pretended against the realme. 
610 2 0 |a Catholic Church  |v Controversial literature  |x Catholic authors. 
650 0 |a Dissenters, Religious  |x Legal status, laws, etc.  |z England. 
610 2 0 |a Catholic Church  |x Doctrines. 
999 |a MARS 
999 f f |s 7a895e8a-a3b2-344a-922b-ca62a44aae20  |i dacc6b73-4073-3c91-b73b-f76bb169a2fe  |t 0 
952 f f |p ric  |a Texas A&M University  |b Rellis Campus  |c Joint Library Facility  |d Remote Storage  |t 0  |e BX1780 .S644  |h Library of Congress classification  |i unmediated -- volume  |m A14800623164 
998 f f |a BX1780 .S644  |t 0  |l Remote Storage